000 00566nam a2200193Ia 4500
005 20260429112259.0
008 260429s9999||||xx |||||||||||||| ||und||
020 _a9781666867169
041 _aEnglish
082 _a660.6
_bMIT
100 _aMitchell, LeviĀ 
245 0 _aAdvanced techniques in molecular biotechnology /
_cLevi Mitchell
260 _aWilmington :
_bAmerican Academic Publisher,
_c2024.
300 _axiv, 322 p.; hb
650 _a Genetic engineering
650 _a Laboratory techniques
650 _aMolecular biotechnology
942 _cTB
999 _c53289
_d53289